00326nam a2200121Ia 4500008004100000041000800041082001400049100002000063245004500083260003400128300003100162365001100193240624s9999 xx 000 0 und d aeng a338.9 CAS aCASTELLS MANUEL aAFTERMATH THE CULTURES OF THE ECONOMIC C c2012aNew DelhibOxford India axiv, : 315 : p. : cm. ; 23 cRSb31